000 00956cam a2200313 4500
001 4209
003 FISKH
005 20240704151223.0
008 720419s1972 maua j 000 1 eng
010 _a 74169006
020 _a9780316139878
040 _aDLC
_cDLC
_dDLC
_beng
050 0 0 _aPZ7.C458
082 _a813.54
100 1 _aChristopher, Matt,
_d1917-1997.
245 1 4 _aThe kid who only hit homers /
_cMatt Christopher
250 _aFirst Paperback Edition; July 1986
260 _aNew York :
_bLittle, Brown and Company,
_c1972.
300 _a127 pages :
_c19 cm
350 _a$4.25
505 _aP
520 _aA boy becomes a phenomenal baseball player one summer when a mysterious stranger resembling Babe Ruth befriends him.
521 8 _a650
_bLexile
521 8 _aP
_bRaz-Plus
650 1 _aBaseball
_xFiction.
906 _a7
_bcbc
_corignew
_d2
_encip
_f19
_gy-gencatlg
942 _2ddc
_cBK
_n0
999 _c4209
_d4209